000
002680000a22000970004500
100
1
_a
Carrillo L., Pablo
245
1
0
_a
El desafío del Islam en el siglo XXI
300
_a
Vol. 18, Num 3 (Julio-Septiembre, 1999), Páginas 6-9
773
0
_t
Iglesia y Misión
942
_c
ANA
999
_c
52400
_d
52400